<?xml version="1.0" encoding="UTF-8"?>
<record
    xmlns:xsi="http://www.w3.org/2001/XMLSchema-instance"
    xsi:schemaLocation="http://www.loc.gov/MARC21/slim http://www.loc.gov/standards/marcxml/schema/MARC21slim.xsd"
    xmlns="http://www.loc.gov/MARC21/slim">

  <leader>02905cam a2200553 i 4500</leader>
  <controlfield tag="001">xx004869867</controlfield>
  <controlfield tag="003">NUKAT</controlfield>
  <controlfield tag="005">20260428122817.0</controlfield>
  <controlfield tag="008">200526s2020    pl a         |000 0bpol c</controlfield>
  <datafield tag="020" ind1=" " ind2=" ">
    <subfield code="a">9788380988194</subfield>
    <subfield code="q">(oprawa twarda ;</subfield>
    <subfield code="q">IPN) :</subfield>
    <subfield code="c">z&#x142; 15,00</subfield>
  </datafield>
  <datafield tag="020" ind1=" " ind2=" ">
    <subfield code="a">9788388202681</subfield>
    <subfield code="q">(oprawa twarda ;</subfield>
    <subfield code="q">Wydawnictwo im. Stefana Kardyna&#x142;a Wyszy&#x144;skiego "Soli Deo") :</subfield>
    <subfield code="c">z&#x142; 15,00</subfield>
  </datafield>
  <datafield tag="035" ind1=" " ind2=" ">
    <subfield code="a">(OCoLC)1156642923</subfield>
  </datafield>
  <datafield tag="035" ind1=" " ind2=" ">
    <subfield code="a">(NUKAT)xx004869867</subfield>
  </datafield>
  <datafield tag="040" ind1=" " ind2=" ">
    <subfield code="a">KAT U/JP</subfield>
    <subfield code="b">pol</subfield>
    <subfield code="e">rda</subfield>
    <subfield code="c">KAT U/JPs</subfield>
    <subfield code="d">KAT U/AW</subfield>
    <subfield code="d">WA 392/MD</subfield>
    <subfield code="d">OLSZT 008/bak</subfield>
  </datafield>
  <datafield tag="045" ind1="2" ind2=" ">
    <subfield code="b">d1901</subfield>
    <subfield code="b">d1981</subfield>
  </datafield>
  <datafield tag="046" ind1=" " ind2=" ">
    <subfield code="k">2020</subfield>
  </datafield>
  <datafield tag="100" ind1="1" ind2=" ">
    <subfield code="a">&#x141;atka, Rafa&#x142;</subfield>
    <subfield code="d">(1985- ).</subfield>
    <subfield code="e">Autor</subfield>
    <subfield code="9">15865</subfield>
  </datafield>
  <datafield tag="245" ind1="1" ind2="0">
    <subfield code="a">Prymas Stefan Wyszy&#x144;ski :</subfield>
    <subfield code="b">biografia /</subfield>
    <subfield code="c">Rafa&#x142; &#x141;atka, Beata Mackiewicz, Dominik Zamiata&#x142;a ; Instytut Pami&#x119;ci Narodowej - Komisja &#x15A;cigania Zbrodni przeciwko Narodowi Polskiemu, Wydawnictwo im. Stefana Kardyna&#x142;a Wyszy&#x144;skiego "Soli Deo".</subfield>
  </datafield>
  <datafield tag="260" ind1=" " ind2=" ">
    <subfield code="a">[Warszawa] :</subfield>
    <subfield code="b">Instytut Pami&#x119;ci Narodowej - Komisja &#x15A;cigania Zbrodni przeciwko Narodowi Polskiemu :</subfield>
    <subfield code="b">Wydawnictwo im. Stefana Kardyna&#x142;a Wyszy&#x144;skiego "Soli Deo",</subfield>
    <subfield code="c">&#xA9; copyright 2020.</subfield>
  </datafield>
  <datafield tag="300" ind1=" " ind2=" ">
    <subfield code="a">116, [1] strona :</subfield>
    <subfield code="b">ilustracje (w tym kolorowe) ;</subfield>
    <subfield code="c">25 cm.</subfield>
  </datafield>
  <datafield tag="336" ind1=" " ind2=" ">
    <subfield code="a">Tekst</subfield>
    <subfield code="b">txt</subfield>
    <subfield code="2">rdacontent</subfield>
  </datafield>
  <datafield tag="337" ind1=" " ind2=" ">
    <subfield code="a">Bez urz&#x105;dzenia po&#x15B;rednicz&#x105;cego</subfield>
    <subfield code="b">n</subfield>
    <subfield code="2">rdamedia</subfield>
  </datafield>
  <datafield tag="338" ind1=" " ind2=" ">
    <subfield code="a">Wolumin</subfield>
    <subfield code="b">nc</subfield>
    <subfield code="2">rdacarrier</subfield>
  </datafield>
  <datafield tag="380" ind1=" " ind2=" ">
    <subfield code="a">Ksi&#x105;&#x17C;ki</subfield>
  </datafield>
  <datafield tag="380" ind1=" " ind2=" ">
    <subfield code="a">Publikacje popularnonaukowe</subfield>
  </datafield>
  <datafield tag="388" ind1="1" ind2=" ">
    <subfield code="a">2001-</subfield>
  </datafield>
  <datafield tag="490" ind1="1" ind2=" ">
    <subfield code="a">Biskupi w Realiach Komunistycznego Pa&#x144;stwa</subfield>
  </datafield>
  <datafield tag="490" ind1="1" ind2=" ">
    <subfield code="a">Centralny Projekt Badawczy IPN - W&#x142;adze Komunistyczne wobec Ko&#x15B;cio&#x142;&#xF3;w i Zwi&#x105;zk&#xF3;w Wyznaniowych w Polsce 1944-1989</subfield>
  </datafield>
  <datafield tag="500" ind1=" " ind2=" ">
    <subfield code="a">Miejsce wydania ustalone na podstawie siedziby wydawc&#xF3;w.</subfield>
  </datafield>
  <datafield tag="504" ind1=" " ind2=" ">
    <subfield code="a">Bibliografia strony 108-[117].</subfield>
  </datafield>
  <datafield tag="600" ind1="0" ind2="7">
    <subfield code="a">Stefan Wyszy&#x144;ski</subfield>
    <subfield code="c">(b&#x142;ogos&#x142;awiony ;</subfield>
    <subfield code="d">1901-1981)</subfield>
    <subfield code="2">DBN</subfield>
    <subfield code="9">39675</subfield>
  </datafield>
  <datafield tag="600" ind1="0" ind2="7">
    <subfield code="a">Stefan Wyszy&#x144;ski</subfield>
    <subfield code="c">(b&#x142;ogos&#x142;awiony ;</subfield>
    <subfield code="d">1901-1981)</subfield>
    <subfield code="v">biografie.</subfield>
    <subfield code="2">kaba</subfield>
    <subfield code="9">39676</subfield>
  </datafield>
  <datafield tag="648" ind1=" " ind2="7">
    <subfield code="a">1901-2000</subfield>
    <subfield code="2">DBN</subfield>
    <subfield code="9">34996</subfield>
  </datafield>
  <datafield tag="650" ind1=" " ind2="7">
    <subfield code="a">Duchowie&#x144;stwo katolickie</subfield>
    <subfield code="2">DBN</subfield>
    <subfield code="9">35375</subfield>
  </datafield>
  <datafield tag="650" ind1=" " ind2="7">
    <subfield code="a">Prymasi</subfield>
    <subfield code="2">DBN</subfield>
    <subfield code="9">35376</subfield>
  </datafield>
  <datafield tag="651" ind1=" " ind2="7">
    <subfield code="a">Polska</subfield>
    <subfield code="2">DBN</subfield>
    <subfield code="9">35076</subfield>
  </datafield>
  <datafield tag="655" ind1=" " ind2="7">
    <subfield code="a">Biografia</subfield>
    <subfield code="2">DBN</subfield>
    <subfield code="9">35059</subfield>
  </datafield>
  <datafield tag="658" ind1=" " ind2=" ">
    <subfield code="a">Historia</subfield>
  </datafield>
  <datafield tag="658" ind1=" " ind2=" ">
    <subfield code="a">Religia i duchowo&#x15B;&#x107;</subfield>
  </datafield>
  <datafield tag="700" ind1="1" ind2=" ">
    <subfield code="a">Mackiewicz, Beata.</subfield>
    <subfield code="e">Autor</subfield>
    <subfield code="9">39672</subfield>
  </datafield>
  <datafield tag="700" ind1="1" ind2=" ">
    <subfield code="a">Zamiata&#x142;a, Dominik</subfield>
    <subfield code="d">(1967- ).</subfield>
    <subfield code="e">Autor</subfield>
    <subfield code="9">16248</subfield>
  </datafield>
  <datafield tag="710" ind1="2" ind2=" ">
    <subfield code="a">Instytut Pami&#x119;ci Narodowej - Komisja &#x15A;cigania Zbrodni przeciwko Narodowi Polskiemu.</subfield>
    <subfield code="e">Instytucja sprawcza</subfield>
    <subfield code="e">Wydawca</subfield>
    <subfield code="4">pbl</subfield>
    <subfield code="9">11792</subfield>
  </datafield>
  <datafield tag="710" ind1="2" ind2=" ">
    <subfield code="a">Wydawnictwo im. Stefana Kardyna&#x142;a Wyszy&#x144;skiego "Soli Deo".</subfield>
    <subfield code="e">Instytucja sprawcza</subfield>
    <subfield code="e">Wydawca</subfield>
    <subfield code="4">pbl</subfield>
    <subfield code="9">39674</subfield>
  </datafield>
  <datafield tag="830" ind1=" " ind2="0">
    <subfield code="a">Biskupi w Realiach Komunistycznej W&#x142;adzy</subfield>
    <subfield code="9">16421</subfield>
  </datafield>
  <datafield tag="830" ind1=" " ind2="0">
    <subfield code="a">W&#x142;adze Komunistyczne wobec Ko&#x15B;cio&#x142;&#xF3;w i Zwi&#x105;zk&#xF3;w Wyznaniowych w Polsce 1944-1989</subfield>
    <subfield code="9">18363</subfield>
  </datafield>
  <datafield tag="920" ind1=" " ind2=" ">
    <subfield code="a">978-83-8098-819-4 (oprawa twarda ; IPN) : z&#x142; 15,00</subfield>
  </datafield>
  <datafield tag="920" ind1=" " ind2=" ">
    <subfield code="a">978-83-88202-68-1 (oprawa twarda ; Wydawnictwo im. Stefana Kardyna&#x142;a Wyszy&#x144;skiego "Soli Deo") : z&#x142; 15,00</subfield>
  </datafield>
  <datafield tag="942" ind1=" " ind2=" ">
    <subfield code="2">ddc</subfield>
    <subfield code="c">BK_NM</subfield>
  </datafield>
  <datafield tag="999" ind1=" " ind2=" ">
    <subfield code="c">27838</subfield>
    <subfield code="d">27838</subfield>
  </datafield>
  <datafield tag="952" ind1=" " ind2=" ">
    <subfield code="0">0</subfield>
    <subfield code="1">0</subfield>
    <subfield code="2">ddc</subfield>
    <subfield code="4">0</subfield>
    <subfield code="7">0</subfield>
    <subfield code="8">K_mag</subfield>
    <subfield code="a">BIP</subfield>
    <subfield code="b">BIP</subfield>
    <subfield code="d">2020-11-30</subfield>
    <subfield code="e">D-36/2020</subfield>
    <subfield code="f">D</subfield>
    <subfield code="g">15.00</subfield>
    <subfield code="i">59956</subfield>
    <subfield code="l">0</subfield>
    <subfield code="o">59956</subfield>
    <subfield code="p">IPWK24060</subfield>
    <subfield code="r">2026-04-28 12:29:20</subfield>
    <subfield code="w">2026-04-28</subfield>
    <subfield code="y">BK_NM</subfield>
  </datafield>
</record>
